| 000 | 00880cab a2200325 4500 | ||
|---|---|---|---|
| 001 | ABS53934 | ||
| 008 | 090401t1995 xxu||||| |||| 00| 0 eng d | ||
| 035 | _a(Sirsi) u7503 | ||
| 041 | _aeng | ||
| 245 | _aEstates Times survey: Surrey | ||
| 260 | _c1995 | ||
| 350 | _a0 | ||
| 490 |
_aEstates Times _v(1301) 3 November 1995, 9-16(8) |
||
| 650 | _aCAMBERLEY | ||
| 650 | _aCHERTSEY | ||
| 650 | _aCROYDON | ||
| 650 | _aEPSOM | ||
| 650 | _aGUILDFORD | ||
| 650 | _aKINGSTON | ||
| 650 | _aPROPERTY-COMMERCIAL PROPERTY-OFFICE PROPERTY-OFFICE PROPERTY MARKET | ||
| 650 | _aOFFICE RENTS | ||
| 650 | _aREDHILL | ||
| 650 | _aREIGATE | ||
| 650 | _aPROPERTY-COMMERCIAL PROPERTY-RETAIL PROPERTY-RETAIL PROPERTY MARKET | ||
| 650 | _aSURREY | ||
| 650 | _aWOKING | ||
| 690 | _aPROPERTY-COMMERCIAL PROPERTY-COMMERCIAL PROPERTY MARKET | ||
| 942 | _n0 | ||
| 948 | _c04/03/1997 | ||
| 999 |
_c4541 _d4541 |
||